00471nam a2200157Ia 4500003000900000008004100009020001800050040001600068080002000084100002200104245010800126260003400234300001000268650001900278650001600297IN-BaIIA211028s9999 xx 000 0 eng d a0-900414-31-6 cIIA Library a77(058)bBJP-85 aCarwley, Geoffrey 0aBritish Journal of Photography Annual 1985cGeoffrey Carwley  aLondonbHenry Greenwoodc1985 a206p. aNASA thesaurus aPhotography